00394nam a22001457a 450000500170000000800410001702000180005804100120007608200130008810000120010124500670011325000180018030000250019865000250022320240918133933.0240918b |||||||| |||| 00| 0 eng d a9789994559626 aEnglish a342 NAM  lEnglish aAdministrative Law Guide for Political Leaders / cS Namandje  aFirst Edition b164 pages; c25 cm.  aLegal practice bLaw